Island Countries - Blind Typing - Statistics

General Stats
  • This quiz has been taken 63 times
  • The average score is 42 of 47
Answer Stats
km² Country % Correct
4,033 Cape Verde
96%
9,251 Cyprus
96%
109,884 Cuba
95%
70,273 Ireland
95%
10,991 Jamaica
95%
377,930 Japan
95%
21 Nauru
95%
65,610 Sri Lanka
95%
242,900 United Kingdom
95%
27,750 Haiti
93%
1,904,569 Indonesia
93%
587,041 Madagascar
93%
300 Maldives
93%
316 Malta
93%
270,467 New Zealand
93%
462,840 Papua New Guinea
93%
452 Seychelles
93%
261 St. Kitts and Nevis
93%
616 St. Lucia
93%
48,671 Dominican Republic
91%
459 Palau
91%
389 St. Vincent and the Grenadines
91%
5,130 Trinidad and Tobago
91%
2,040 Mauritius
89%
2,842 Samoa
89%
26 Tuvalu
89%
442 Antigua and Barbuda
88%
13,943 Bahamas
88%
430 Barbados
88%
1,862 Comoros
88%
751 Dominica
88%
18,272 Fiji
88%
702 F. S. Micronesia
88%
344 Grenada
88%
747 Tonga
88%
12,189 Vanuatu
88%
14,874 East Timor
86%
103,000 Iceland
86%
181 Marshall Islands
86%
342,353 Philippines
86%
965 Sao Tome and Principe
86%
28,896 Solomon Islands
86%
811 Kiribati
84%
710 Singapore
82%
36,193 Taiwan
82%
5,765 Brunei
79%
765 Bahrain
75%
No matching quizzes found
Score Distribution
Percent of People with Each Score
Percentile by Number Answered
Your Score History
You have not taken this quiz